[Event "GEO-ch (Women) 82nd"]
[Site "Tbilisi"]
[Date "2025.02.10"]
[Round "7"]
[White "Kirtadze, Anastasia"]
[Black "Arabidze, Meri"]
[Result "1-0"]
[WhiteElo "2218"]
[BlackElo "2457"]
[PlyCount "129"]
[EventDate "2025.02.03"]
[EventType "tourn"]
[EventRounds "9"]
[EventCountry "GEO"]
[SourceTitle "CB07_2025"]
[SourceDate "2025.02.12"]
[SourceVersion "1"]
[SourceVersionDate "2025.02.12"]
[SourceQuality "1"]

1. e4 e5 2. Nf3 Nc6 3. d4 exd4 4. Nxd4 Bc5 5. Nb3 Bb6 6. Nc3 Nf6 7. Qe2 d6 8. Bg5 h6 9. Bh4 0-0 10. 0-0-0 Re8 11. f3 Ne5 12. Nd5 g5 13. Nxb6 axb6 14. Be1 Rxa2 15. Kb1 Ra8 16. h4 Nh5 17. hxg5 Nf4 18. Qf2 hxg5 19. g3 Nfg6 20. f4 Ng4 21. Qg1 Rxe4 22. Bd3 Bf5 23. Rh5 Rxe1 24. Qxe1 Bxd3 25. Rxg5 Bc4 26. Rxg4 Bxb3 27. cxb3 Ra5 28. b4 Rh5 29. Qc3 c5 30. Rg5 Rxg5 31. fxg5 Qe7 32. Qd3 Qxg5 33. Qxd6 Kg7 34. bxc5 bxc5 35. Rd5 Qe3 36. Qxc5 Qe4+ 37. Ka2 Qa4+ 38. Qa3 Qc4+ 39. Qb3 Qa6+ 40. Kb1 Qf1+ 41. Qd1 Qg2 42. Qd4+ Kg8 43. Rd8+ Kh7 44. Rd7 Qf1+ 45. Qd1 Qf6 46. Qd6 Qf1+ 47. Ka2 b6 48. Qxb6 Qc4+ 49. Qb3 Qa6+ 50. Kb1 Ne5 51. Rd1 Kg7 52. Qc3 f6 53. Qc7+ Kg6 54. Qc2+ Kg5 55. Rh1 Qa8 56. Rh7 Qg8 57. Qe4 Ng6 58. Qe3+ Kg4 59. Rd7 f5 60. Rd4+ Kh5 61. Qf3+ Kg5 62. g4 f4 63. Rd5+ Kh6 64. g5+ Kg7 65. Rd7+ 1-0

[Event "Bialystok Zamenhof Memorial 43rd"]
[Site "Bialystok"]
[Date "2024.12.29"]
[Round "5"]
[White "Radzimski, Antoni"]
[Black "Kirtadze, Anastasia"]
[Result "1/2-1/2"]
[WhiteElo "2290"]
[BlackElo "2047"]
[PlyCount "63"]
[EventDate "2024.12.27"]
[EventType "swiss"]
[EventRounds "9"]
[EventCountry "POL"]
[SourceTitle "CB02_2025"]
[SourceDate "2025.01.08"]
[SourceVersion "1"]
[SourceVersionDate "2025.01.08"]
[SourceQuality "1"]

1. d4 Nf6 2. c4 e6 3. Nc3 Bb4 4. e3 0-0 5. Bd3 c5 6. Nge2 Nc6 7. 0-0 b6 8. a3 Bxc3 9. bxc3 Ba6 10. e4 Ne8 11. Be3 d6 12. Ng3 g6 13. f4 f5 14. Qe2 Ng7 15. Rad1 Qc7 16. Bf2 Rae8 17. d5 fxe4 18. Nxe4 exd5 19. cxd5 Bxd3 20. Qxd3 Rxf4 21. dxc6 Rfxe4 22. Qxd6 Qxd6 23. Rxd6 Rc8 24. Rd7 Rxc6 25. Rxa7 Rd6 26. a4 Ne6 27. a5 bxa5 28. Rxa5 Rd3 29. Bxc5 Rxc3 30. Ra8+ Kg7 31. Bf8+ Nxf8 32. Raxf8 1/2-1/2

[Event "Bialystok Zamenhof Memorial 43rd"]
[Site "Bialystok"]
[Date "2024.12.28"]
[Round "4"]
[White "Kirtadze, Anastasia"]
[Black "Janeczko, Jakub"]
[Result "1/2-1/2"]
[WhiteElo "2047"]
[BlackElo "2326"]
[PlyCount "81"]
[EventDate "2024.12.27"]
[EventType "swiss"]
[EventRounds "9"]
[EventCountry "POL"]
[SourceTitle "CB02_2025"]
[SourceDate "2025.01.08"]
[SourceVersion "1"]
[SourceVersionDate "2025.01.08"]
[SourceQuality "1"]

1. e4 Nf6 2. e5 Nd5 3. d4 d6 4. Nf3 dxe5 5. dxe5 Bg4 6. h3 Bh5 7. Be2 Nc6 8. 0-0 e6 9. c4 Nb6 10. g4 Qxd1 11. Rxd1 Bg6 12. Nc3 a6 13. Be3 Nd7 14. Bf4 Bb4 15. Rac1 0-0-0 16. Bg5 Be7 17. Bf4 Nc5 18. Ne1 Nd4 19. Kf1 Nxe2 20. Kxe2 h5 21. b4 Ne4 22. Nxe4 Bxe4 23. a3 hxg4 24. hxg4 c5 25. b5 axb5 26. cxb5 b6 27. f3 Bd5 28. Ng2 Rh3 29. Rd3 Kb7 30. Rcc3 Ra8 31. Bc1 Ra5 32. Nf4 Rh2+ 33. Kd1 Bg5 34. Nxd5 Rh1+ 35. Ke2 Rxc1 36. Rxc1 Bxc1 37. Nc3 Kc7 38. Ne4 Bf4 39. Nd6 c4 40. Ne8+ Kc8 41. Nd6+ 1/2-1/2

[Event "Bialystok Zamenhof Memorial 43rd"]
[Site "Bialystok"]
[Date "2024.12.27"]
[Round "2"]
[White "Leskiewicz, Ignacy"]
[Black "Kirtadze, Anastasia"]
[Result "0-1"]
[WhiteElo "2157"]
[BlackElo "2047"]
[PlyCount "62"]
[EventDate "2024.12.27"]
[EventType "swiss"]
[EventRounds "9"]
[EventCountry "POL"]
[SourceTitle "CB02_2025"]
[SourceDate "2025.01.08"]
[SourceVersion "1"]
[SourceVersionDate "2025.01.08"]
[SourceQuality "1"]

1. d4 Nf6 2. Nf3 e6 3. g3 b5 4. a4 b4 5. Bg2 Bb7 6. 0-0 c5 7. c3 Be7 8. a5 0-0 9. Nbd2 d5 10. Ne5 Nfd7 11. e4 Nxe5 12. dxe5 d4 13. cxb4 cxb4 14. Qg4 Ba6 15. Rd1 Nc6 16. Nf3 Be2 17. Bh6 g6 18. Bxf8 Bxd1 19. Bxe7 Bxf3 20. Bxd8 Bxg4 21. Bf6 Be2 22. f3 d3 23. Kf2 Nd4 24. Bg5 Rc8 25. Rc1 Rc2 26. Rxc2 dxc2 27. Bd2 Bb5 28. Ke3 Nb3 29. f4 c1Q 30. Bxc1 Nxc1 31. Kd4 Nb3+ 0-1

[Event "Sitges Sunway op-A 11th"]
[Site "Sitges"]
[Date "2024.12.12"]
[Round "1"]
[White "Girel, Joseph"]
[Black "Kirtadze, Anastasia"]
[Result "1-0"]
[WhiteElo "2494"]
[BlackElo "2047"]
[PlyCount "58"]
[EventDate "2024.12.12"]
[EventType "swiss"]
[EventRounds "10"]
[EventCountry "ESP"]
[SourceTitle "CB52_2024"]
[SourceDate "2024.12.25"]
[SourceVersion "1"]
[SourceVersionDate "2024.12.25"]
[SourceQuality "1"]

1. e4 c5 2. Nf3 e6 3. c3 d5 4. e5 d4 5. d3 Nc6 6. g3 Nge7 7. Bg2 Ng6 8. Qe2 Qc7 9. Na3 Bd7 10. Nb5 Qb8 11. cxd4 a6 12. Na3 cxd4 13. Nc4 b5 14. Ncd2 Ra7 15. 0-0 Ngxe5 16. Nxe5 Qxe5 17. Ne4 Qc7 18. Bf4 e5 19. Rac1 f6 20. Qh5+ Kd8 21. Bd2 Qb6 22. f4 Be8 23. Qh4 Be7 24. Qg4 g6 25. Qe6 Bd7 26. Qd5 Rc7 27. fxe5 fxe5 28. Rf7 Re8 29. Nf6 Bxf6 1-0

[Event "EU-ch U16 Girls"]
[Site "Prague"]
[Date "2024.08.31"]
[Round "9"]
[White "Moscovitch, Michal"]
[Black "Kirtadze, Anastasia"]
[Result "1/2-1/2"]
[WhiteElo "1618"]
[BlackElo "2029"]
[PlyCount "125"]
[EventDate "2024.08.22"]
[EventType "swiss"]
[EventRounds "9"]
[EventCountry "CZE"]
[SourceTitle "CBM 221 Extra"]
[Source "ChessBase"]
[SourceDate "2024.09.30"]
[SourceVersion "1"]
[SourceVersionDate "2024.09.30"]
[SourceQuality "1"]

1. e4 c5 2. c3 d5 3. exd5 Qxd5 4. d4 Nf6 5. Nf3 e6 6. Na3 Nc6 7. Be3 cxd4 8. Nb5 Qd7 9. Nbxd4 a6 10. Be2 Be7 11. 0-0 0-0 12. Qc2 Nd5 13. Rad1 Nxe3 14. fxe3 Qc7 15. Nxc6 bxc6 16. Nd4 Bd7 17. Bf3 Rad8 18. Kh1 e5 19. Nf5 Bc5 20. e4 g6 21. Ng3 Be6 22. b3 a5 23. Be2 Qe7 24. Bd3 Qh4 25. Rb1 Be3 26. Rfd1 Bf4 27. Nf1 Qh6 28. b4 axb4 29. cxb4 Rd4 30. a4 Rfd8 31. Be2 Qf8 32. b5 cxb5 33. Rxd4 exd4 34. axb5 Qd6 35. Bd3 Rc8 36. Qe2 Qb6 37. Ra1 Rc3 38. h3 Qc5 39. Rb1 Qa3 40. Rd1 Be5 41. Nh2 Bb3 42. Rf1 Ba2 43. Rd1 Kg7 44. Nf3 f6 45. Nxe5 fxe5 46. Qf1 Qb4 47. Ra1 Qb2 48. Rd1 Qb3 49. Kh2 Rc7 50. Qe2 Qf7 51. Rf1 Qe6 52. Ra1 Bb3 53. Rb1 Qf7 54. Rf1 Qe7 55. Ra1 Rb7 56. Rb1 Qf7 57. Rf1 Qe6 58. Ra1 Qf7 59. Rf1 Qe6 60. Ra1 Qf7 61. Rf1 Qe6 62. Ra1 Qf6 63. Rf1 1/2-1/2

[Event "EU-ch U16 Girls"]
[Site "Prague"]
[Date "2024.08.28"]
[Round "6"]
[White "Kirtadze, Anastasia"]
[Black "Trunz, Michelle"]
[Result "0-1"]
[WhiteElo "2029"]
[BlackElo "2055"]
[PlyCount "130"]
[EventDate "2024.08.22"]
[EventType "swiss"]
[EventRounds "9"]
[EventCountry "CZE"]
[SourceTitle "CBM 221 Extra"]
[Source "ChessBase"]
[SourceDate "2024.09.30"]
[SourceVersion "1"]
[SourceVersionDate "2024.09.30"]
[SourceQuality "1"]

1. e4 c5 2. Nf3 e6 3. d4 cxd4 4. Nxd4 Qb6 5. Nb3 Qc7 6. Nc3 a6 7. Bd3 b5 8. 0-0 Bb7 9. f4 Nf6 10. Qe2 Be7 11. e5 Nd5 12. Nxd5 Bxd5 13. f5 Nc6 14. Bf4 Qb6+ 15. Kh1 Nb4 16. Be4 Rc8 17. f6 gxf6 18. exf6 Bf8 19. Bxd5 Nxd5 20. c3 Rg8 21. Rad1 Qb7 22. Bg3 Bh6 23. Rf3 Rg6 24. Nd4 Kf8 25. Rdf1 Kg8 26. Rg1 Bg5 27. Rgf1 Kh8 28. Be5 Rcg8 29. R1f2 Rh6 30. Nc2 Qb6 31. Qf1 Bh4 32. g3 Bg5 33. h4 Be3 34. Rh2 Bc5 35. b4 Bd6 36. Bd4 Qc7 37. Ne3 Bxg3 38. Nxd5 exd5 39. Rh3 Be5 40. h5 Bxd4 41. cxd4 Qc2 42. Re3 Qd2 43. Rd3 Qg5 44. Rdg3 Qxf6 45. Rxg8+ Kxg8 46. Qc1 Rxh5 47. Qc8+ Kg7 48. Rxh5 Qf3+ 49. Kg1 Qxh5 50. Qxd7 Qd1+ 51. Kg2 Qe2+ 52. Kg3 Qe3+ 53. Kg2 Qxd4 54. Qd8 Qe4+ 55. Kg3 Qe5+ 56. Kg2 d4 57. Qd7 Qe4+ 58. Kf2 h5 59. Qd8 Qf4+ 60. Kg2 h4 61. Qd7 Qe4+ 62. Kh2 d3 63. Qd8 Qf4+ 64. Kg2 d2 65. Qd7 Qe4+ 0-1

[Event "EU-ch U16 Girls"]
[Site "Prague"]
[Date "2024.08.23"]
[Round "2"]
[White "Kirtadze, Anastasia"]
[Black "Westerhof, Fleur"]
[Result "1-0"]
[WhiteElo "2029"]
[BlackElo "1986"]
[PlyCount "111"]
[EventDate "2024.08.22"]
[EventType "swiss"]
[EventRounds "9"]
[EventCountry "CZE"]
[SourceTitle "CBM 221 Extra"]
[Source "ChessBase"]
[SourceDate "2024.09.30"]
[SourceVersion "1"]
[SourceVersionDate "2024.09.30"]
[SourceQuality "1"]

1. e4 e5 2. Nf3 Nc6 3. Bb5 a6 4. Ba4 Nf6 5. 0-0 Be7 6. Re1 b5 7. Bb3 0-0 8. a4 Bb7 9. d3 d6 10. Nc3 b4 11. Nd5 Nxd5 12. Bxd5 Na5 13. Bxb7 Nxb7 14. c3 bxc3 15. bxc3 c5 16. d4 c4 17. Rb1 Na5 18. dxe5 dxe5 19. Nxe5 Qc7 20. Nf3 Rfd8 21. Qc2 Rd3 22. Be3 Bc5 23. Bd4 Bxd4 24. Nxd4 Nc6 25. Red1 Ne5 26. f4 Rxd1+ 27. Qxd1 Nd3 28. e5 Rb8 29. g3 Rb7 30. e6 fxe6 31. Nxe6 Qb8 32. Rxb7 Qxb7 33. Qe2 Qb1+ 34. Kg2 Ne1+ 35. Kh3 Qf5+ 36. Qg4 Qf6 37. Nxg7 Qxg7 38. Qe6+ Qf7 39. Qxe1 Qd7+ 40. g4 Qd3+ 41. Kh4 Qd8+ 42. g5 Kf7 43. f5 Qd7 44. Qe6+ Qxe6 45. fxe6+ Kxe6 46. Kg4 Ke5 47. h4 Ke4 48. h5 Kd3 49. g6 hxg6 50. hxg6 Kxc3 51. g7 Kb2 52. g8Q c3 53. Qb8+ Ka2 54. Qc8 Kb2 55. Qxa6 c2 56. Qc4 1-0

[Event "Sitges op 48th"]
[Site "Sitges"]
[Date "2024.07.28"]
[Round "7"]
[White "Deodhar, Vrushali Umesh"]
[Black "Kirtadze, Anastasia"]
[Result "1-0"]
[WhiteElo "2115"]
[BlackElo "1978"]
[PlyCount "53"]
[EventDate "2024.07.22"]
[EventType "swiss"]
[EventRounds "9"]
[EventCountry "ESP"]
[SourceTitle "CBM 221 Extra"]
[Source "ChessBase"]
[SourceDate "2024.09.30"]
[SourceVersion "1"]
[SourceVersionDate "2024.09.30"]
[SourceQuality "1"]

1. c4 c5 2. Nf3 Nf6 3. Nc3 Nc6 4. d4 cxd4 5. Nxd4 e6 6. a3 Bc5 7. Nc2 d5 8. cxd5 exd5 9. e3 0-0 10. Be2 d4 11. exd4 Nxd4 12. Nxd4 Bxd4 13. Bd2 Bf5 14. 0-0 Re8 15. Bf3 Bd3 16. Re1 Qb6 17. Be3 Bxe3 18. fxe3 Rxe3 19. Rxe3 Qxe3+ 20. Kh1 Re8 21. h3 Ne4 22. Nxe4 Bxe4 23. Bxe4 Qxe4 24. Rc1 h6 25. Rc7 Qh4 26. Rc1 Qf4 27. Rc2 1-0

[Event "Sitges op 48th"]
[Site "Sitges"]
[Date "2024.07.27"]
[Round "6"]
[White "Adamovics, Aleksejs"]
[Black "Kirtadze, Anastasia"]
[Result "1/2-1/2"]
[WhiteElo "2112"]
[BlackElo "1978"]
[PlyCount "56"]
[EventDate "2024.07.22"]
[EventType "swiss"]
[EventRounds "9"]
[EventCountry "ESP"]
[SourceTitle "CBM 221 Extra"]
[Source "ChessBase"]
[SourceDate "2024.09.30"]
[SourceVersion "1"]
[SourceVersionDate "2024.09.30"]
[SourceQuality "1"]

1. c4 c5 2. Nf3 Nc6 3. d4 cxd4 4. Nxd4 e6 5. Nc3 Nf6 6. g3 Qb6 7. Ndb5 Bc5 8. Bg2 0-0 9. 0-0 Qd8 10. Bf4 Ne8 11. Ne4 Be7 12. Qd2 a6 13. Nbc3 d6 14. Rfd1 e5 15. Be3 Be6 16. c5 dxc5 17. Nxc5 Qc8 18. Rac1 Nf6 19. N3a4 Bxc5 20. Rxc5 Qc7 21. Qc2 Rac8 22. Rd2 Bd7 23. Nb6 Qxb6 24. Rxc6 Rxc6 25. Bxb6 Rxc2 26. Rxc2 e4 27. f3 Bc6 28. fxe4 Nxe4 1/2-1/2

[Event "Sitges op 48th"]
[Site "Sitges"]
[Date "2024.07.26"]
[Round "5"]
[White "Kirtadze, Anastasia"]
[Black "Gutierrez Espinosa, Karen"]
[Result "1/2-1/2"]
[WhiteElo "1978"]
[BlackElo "2084"]
[PlyCount "67"]
[EventDate "2024.07.22"]
[EventType "swiss"]
[EventRounds "9"]
[EventCountry "ESP"]
[SourceTitle "CBM 221 Extra"]
[Source "ChessBase"]
[SourceDate "2024.09.30"]
[SourceVersion "1"]
[SourceVersionDate "2024.09.30"]
[SourceQuality "1"]

1. e4 c6 2. d4 d5 3. Nc3 dxe4 4. Nxe4 Bf5 5. Ng3 Bg6 6. h4 h6 7. Nf3 Nd7 8. h5 Bh7 9. Bd3 Bxd3 10. Qxd3 e6 11. Bf4 Qa5+ 12. Bd2 Qc7 13. 0-0-0 Ngf6 14. Ne4 Nxe4 15. Qxe4 Nf6 16. Qe2 0-0-0 17. g3 Bd6 18. c4 c5 19. Bc3 b6 20. dxc5 Qxc5 21. Nd4 a6 22. Kb1 Qe5 23. Qxe5 Bxe5 24. f4 Bxd4 25. Bxd4 Rd6 26. c5 bxc5 27. Bxf6 Rxd1+ 28. Rxd1 gxf6 29. Rc1 Rg8 30. Rxc5+ Kb7 31. Rc3 f5 32. Rd3 Kc6 33. Rc3+ Kb7 34. Rd3 1/2-1/2

[Event "Sitges op 48th"]
[Site "Sitges"]
[Date "2024.07.24"]
[Round "3"]
[White "Kirtadze, Anastasia"]
[Black "Kao, Jamison Edrich"]
[Result "1-0"]
[WhiteElo "1978"]
[BlackElo "2124"]
[PlyCount "25"]
[EventDate "2024.07.22"]
[EventType "swiss"]
[EventRounds "9"]
[EventCountry "ESP"]
[SourceTitle "CBM 221 Extra"]
[Source "ChessBase"]
[SourceDate "2024.09.30"]
[SourceVersion "1"]
[SourceVersionDate "2024.09.30"]
[SourceQuality "1"]

1. e4 c5 2. Nf3 e6 3. d4 cxd4 4. Nxd4 Nf6 5. Nc3 Nc6 6. Nxc6 bxc6 7. e5 Nd5 8. Ne4 Qc7 9. f4 a5 10. a4 Qb6 11. c4 Ne3 12. Qd2 Nxf1 13. Rxf1 1-0

[Event "Sitges op 48th"]
[Site "Sitges"]
[Date "2024.07.23"]
[Round "2"]
[White "Kshatriya, Nitin Vekhande"]
[Black "Kirtadze, Anastasia"]
[Result "1-0"]
[WhiteElo "2292"]
[BlackElo "1978"]
[PlyCount "92"]
[EventDate "2024.07.22"]
[EventType "swiss"]
[EventRounds "9"]
[EventCountry "ESP"]
[SourceTitle "CBM 221 Extra"]
[Source "ChessBase"]
[SourceDate "2024.09.30"]
[SourceVersion "1"]
[SourceVersionDate "2024.09.30"]
[SourceQuality "1"]

1. e4 c5 2. Nf3 e6 3. d3 Nc6 4. g3 g6 5. Bg2 Bg7 6. 0-0 d6 7. c3 e5 8. Re1 Nge7 9. Be3 0-0 10. Na3 Be6 11. d4 exd4 12. cxd4 Bg4 13. dxc5 dxc5 14. Bxc5 Bxb2 15. Rb1 Bd4 16. Bxd4 Bxf3 17. Qxf3 Nxd4 18. Qe3 Nec6 19. Rxb7 Qa5 20. Reb1 Rae8 21. h3 Re6 22. Rd7 Nf5 23. Qd3 Nfd4 24. Rd5 Qa4 25. Rb7 Rfe8 26. Rbd7 Ne2+ 27. Qxe2 Qxa3 28. Rc7 Ne5 29. Kh2 Rb6 30. Rd2 Rbe6 31. f4 Nc6 32. e5 Ne7 33. Qd3 Qb4 34. a3 Qa5 35. Qd7 Rf8 36. Rxa7 Qc3 37. Qd3 Qc5 38. Rb7 Nf5 39. Be4 Ng7 40. Rc2 Qa5 41. Bg2 Nf5 42. h4 Qe1 43. Re2 Qa5 44. Bh3 Rd8 45. Qc3 Qd5 46. Ra7 Ra8 1-0

[Event "Barcelona Sant Marti op-A 24th"]
[Site "Barcelona"]
[Date "2024.07.21"]
[Round "9"]
[White "Kirtadze, Anastasia"]
[Black "Bakshi, Rutuja"]
[Result "0-1"]
[WhiteElo "1978"]
[BlackElo "2058"]
[PlyCount "142"]
[EventDate "2024.07.13"]
[EventType "swiss"]
[EventRounds "9"]
[EventCountry "ESP"]
[SourceTitle "CBM 221 Extra"]
[Source "ChessBase"]
[SourceDate "2024.09.30"]
[SourceVersion "1"]
[SourceVersionDate "2024.09.30"]
[SourceQuality "1"]

1. e4 e6 2. d4 d5 3. Nc3 Nf6 4. e5 Nfd7 5. f4 c5 6. Nf3 Nc6 7. Be3 a6 8. Qd2 b5 9. Be2 Qb6 10. Nd1 cxd4 11. Nxd4 Qc7 12. 0-0 Nxd4 13. Bxd4 Bc5 14. c3 0-0 15. Ne3 f6 16. Bg4 Qc6 17. b4 Bb6 18. Bh3 Bb7 19. Ng4 f5 20. Ne3 Bxd4 21. cxd4 Nb6 22. g4 Nc4 23. Qe2 g6 24. Kh1 Rac8 25. gxf5 gxf5 26. Rg1+ Kh8 27. Ng2 Qd7 28. Nh4 Qf7 29. Rg5 Rg8 30. Rag1 Rxg5 31. fxg5 Rg8 32. g6 hxg6 33. Rg5 Qh7 34. Qf2 Bc6 35. Bf1 Rg7 36. Qg3 Be8 37. Bxc4 dxc4 38. d5 c3 39. Nf3 c2 40. Qf4 Rc7 41. Rg1 exd5 42. Ng5 Qe7 43. e6 Qg7 44. Nf7+ Rxf7 45. exf7 Bxf7 46. Rc1 Qc3 47. Qf2 Qxb4 48. Rxc2 Qe4+ 49. Kg1 d4 50. Rc8+ Kg7 51. Rc7 Kf6 52. Qg3 Qb1+ 53. Kg2 Qxa2+ 54. Kh3 Qb3 55. Rc6+ Ke7 56. Rc7+ Kf8 57. Rxf7+ Qxf7 58. Qd6+ Kg7 59. Qxd4+ Qf6 60. Qa7+ Kh6 61. Qb8 a5 62. Kg2 b4 63. Qb5 Qb2+ 64. Kf3 Qc3+ 65. Kf4 b3 66. Qe8 g5+ 67. Kxf5 Qf3+ 68. Ke6 Qe4+ 69. Kf7 Qxe8+ 70. Kxe8 b2 71. h3 b1Q 0-1

[Event "Wch U20 Girls 40th"]
[Site "Gandhinagar"]
[Date "2024.06.10"]
[Round "8"]
[White "Kirtadze, Anastasia"]
[Black "Gasparyan, Milena"]
[Result "1/2-1/2"]
[WhiteElo "2142"]
[BlackElo "1909"]
[PlyCount "72"]
[EventDate "2024.06.02"]
[EventType "swiss"]
[EventRounds "11"]
[EventCountry "IND"]
[SourceTitle "CBM 220 Extra"]
[Source "ChessBase"]
[SourceDate "2024.07.31"]
[SourceVersion "1"]
[SourceVersionDate "2024.07.31"]
[SourceQuality "1"]

1. e4 e5 2. Nf3 Nc6 3. Bb5 a6 4. Ba4 Nf6 5. 0-0 b5 6. Bb3 Bc5 7. c3 d6 8. a4 Rb8 9. d4 Bb6 10. a5 Ba7 11. Be3 0-0 12. h3 Ra8 13. Nbd2 h6 14. Re1 Re8 15. Qc2 exd4 16. Nxd4 Bd7 17. Nxc6 Bxc6 18. Bxa7 Rxa7 19. c4 Nd7 20. cxb5 Bxb5 21. Re3 Nc5 22. Ba2 Ne6 23. Bxe6 Rxe6 24. Nf3 c5 25. Qc3 Rd7 26. b4 d5 27. exd5 Rxe3 28. Qxe3 cxb4 29. Qb3 Rxd5 30. Qxb4 Be2 31. Ne1 Rd1 32. Rxd1 Qxd1 33. Kh2 g6 34. Qc3 Qd6+ 35. Kg1 Qd1 36. Kh2 Qd6+ 1/2-1/2

[Event "Wch U20 Girls 40th"]
[Site "Gandhinagar"]
[Date "2024.06.02"]
[Round "1"]
[White "Saparya, Ghosh"]
[Black "Kirtadze, Anastasia"]
[Result "1-0"]
[WhiteElo "1833"]
[BlackElo "2142"]
[PlyCount "152"]
[EventDate "2024.06.02"]
[EventType "swiss"]
[EventRounds "11"]
[EventCountry "IND"]
[SourceTitle "CBM 220 Extra"]
[Source "ChessBase"]
[SourceDate "2024.07.31"]
[SourceVersion "1"]
[SourceVersionDate "2024.07.31"]
[SourceQuality "1"]

1. d4 Nf6 2. c4 e6 3. Nc3 Bb4 4. e3 0-0 5. Bd3 d5 6. a3 Be7 7. cxd5 exd5 8. b4 b6 9. b5 a6 10. Nge2 axb5 11. Nxb5 c5 12. dxc5 bxc5 13. 0-0 Ba6 14. Nbc3 Nc6 15. Bxa6 Rxa6 16. Qd3 c4 17. Qb1 Qa8 18. a4 Rb8 19. Qf5 Ra5 20. Qf4 Ne4 21. Nxd5 Rxd5 22. Qxe4 Ra5 23. Qxc4 Rb4 24. Qc2 Bf6 25. Rb1 Raxa4 26. Rxb4 Nxb4 27. Qb3 Nc6 28. Nf4 Be5 29. Nd5 Ra1 30. f4 Bd6 31. Bb2 Rxf1+ 32. Kxf1 Ne7 33. Qc3 f6 34. Nxe7+ Bxe7 35. Kf2 Qe4 36. Qc8+ Kf7 37. Bd4 Qd3 38. Qb7 Qc2+ 39. Kf3 Qd1+ 40. Kg3 Qe1+ 41. Kh3 f5 42. Qd5+ Kg6 43. Qe6+ Bf6 44. Bxf6 gxf6 45. Qg8+ Kh6 46. Qg3 Qd1 47. Qf3 Qe1 48. g4 fxg4+ 49. Kxg4 Qa5 50. e4 Qc5 51. Kh4 Qc2 52. h3 Qd2 53. Kg4 Kg6 54. Qg3 Qe2+ 55. Qf3 Qc2 56. Kg3 Qd2 57. Qg4+ Kh6 58. Qf3 Qe1+ 59. Kg2 Qa1 60. Qd3 Qa2+ 61. Kg3 Qa1 62. Qe3 Kg6 63. e5 fxe5 64. fxe5 Kf5 65. Qf4+ Ke6 66. Qf6+ Kd5 67. Qf7+ Kd4 68. e6 Qg1+ 69. Kh4 Qe1+ 70. Kh5 Qg3 71. e7 Qxh3+ 72. Kg5 Qg3+ 73. Kh6 Qh4+ 74. Kg7 Qg5+ 75. Kf8 Qc5 76. Qf2+ Kd5 1-0